[Event "BEL-chT 9899"]
[Site "Antwerp"]
[Date "1998.11.22"]
[Round "3"]
[White "Carlier, Bruno"]
[Black "Winants, Luc"]
[Result "0-1"]
[WhiteElo "2415"]
[BlackElo "2480"]
[Annotator "Winants,L"]
[PlyCount "76"]
[EventDate "1998.10.??"]
[EventType "team"]
[EventRounds "11"]
[EventCountry "BEL"]
[SourceTitle "CBM 071"]
[Source "ChessBase"]
[SourceDate "1999.08.01"]
[SourceVersion "1"]
[SourceVersionDate "1999.08.01"]
[SourceQuality "1"]

{[%mdl 704]} 1. Nf3 Nf6 2. g3 b6 3. Bg2 Bb7 4. O-O e6 5. d3 d5 {[%csl Gc5,Ye4]
C'est l'une des meilleures façons d'aborder le début indienne-Roi : les Noirs,
qui anticipent une percée de l'ennemi au centre de l'échiquier (e2-e4),
mobilisent leurs forces vers le point e4 et se réservent aussi la possibilité
de développer une pièce en c5 (Cd7-c5 ou Fc5).} 6. e4 ({Un exemple instructif :
} 6. Nbd2 Nbd7 {le seul coup coup juste} ({car} 6... Be7 7. e4 dxe4 8. dxe4
Nxe4 {tournerait а l'avantage des Blancs après} 9. Ne5 $1) 7. Re1 Bc5 $1 {
menaçant 8...Fxf2+ !} 8. c4 (8. e4 dxe4 9. dxe4 Ng4) 8... O-O 9. cxd5 exd5 10.
Nb3 Bb4 11. Bd2 a5 12. Nbd4 Re8 {et les Noirs s'étaient déjà emparés de
l'initiative, Portish-Karpov Moscou 1977.}) 6... dxe4 7. Nfd2 Nbd7 8. Nc3 Be7 {
Ce coup présente l'avantage de la simplicité,} ({mais il était possible de
chercher а forcer les événements via} 8... Bb4) ({ou} 8... Nc5) 9. Ndxe4 Qc8
10. Re1 {Il est difficile de dire ce que la Tour vient faire là.} ({Avec le
Ce4 posté en éclaireur et la Dc8 bloquée derrière ses lignes, je m'attendais а
voir l'infanterie des Blancs monter а l'assaut de l'aile-Roi :} 10. Qe2 $5 O-O
11. f4 {[%csl Ge4][%cal Yf4f5,Yg3g5] et puis g4.}) 10... O-O 11. Bf4 Nxe4 12.
Nxe4 {La prise du pion était sans doute préférable.} e5 $5 {Un choix risqué,
mais il m'a paru impossible de lutter autrement.} ({Ainsi} 12... Nf6 {aurait
tout au plus provoqué de nouveaux échanges et donc entraîné la nullité.}) 13.
Bd2 f5 14. Ng5 ({Si} 14. Nc3 Bxg2 15. Kxg2 c6 ({ou} 15... Qb7+ 16. Qf3 Qxf3+
17. Kxf3 c6) 16. f4 Bd6 17. Qf3 Qc7 {avec des chances partagées.}) 14... Bxg2
15. Kxg2 h6 {La tâche des Noirs consistait а mobiliser le reste des troupes,
tout en évitant l'échange des Dames.} (15... Qb7+ 16. Qf3 Qxf3+ 17. Nxf3 Bf6
18. Bc3 Rae8 {était évidemment trop pacifique}) ({et} 15... Bxg5 16. Bxg5 f4
17. Qg4 Qb7+ 18. Kg1) ({ou} 15... Bd6 16. Qf3 Qe8 17. Qd5+ Kh8 18. f4 Nf6 19.
Qf3 {[%csl Ge1,Re5,Re8] auraient même cédé des atouts а l'adversaire.}) 16. Ne6
{La réplique adéquate} ({car après} 16. Nf3 {les Noirs seraient enfin parvenus
а un développement harmonieux via} Bd6 17. Bc3 Qb7 18. Kg1 Rae8 {[%csl Gd6,Gd7,
Ge5,Ge8,Gf5,Gf8]} 19. Nd2 b5 {etc.}) 16... Rf6 17. Nf4 $1 {[%csl Ge1,Re7] La
pointe du coup précédent. Le Maître international néerlandais profite du fait
que le Fe7 ne soit pas défendu pour conserver le contrôle des cases blanches 
(diagonale a8-h1).} Bd6 (17... Rd6 18. Qf3 Bg5 19. Nd5 $1) 18. Nd5 Rf7 19. Qf3
{Il est curieux de constater que les Blancs n'aient pas souhaité éliminer le
fantassin central des Noirs.} ({Pourtant} 19. f4 $1 {aurait aisément maintenu
l'équilibre.} {Supposons} c6 20. fxe5 ({si} 20. Nc3 exf4 21. Bxf4 Bxf4 22. gxf4
Qc7 23. Qf3 Nf8 $1 {[%cal Yf8g6,Gg6f4,Gg6h4] vers le pion isolé en f4}) 20...
Nxe5 (20... Bxe5 21. Bc3) 21. Bf4 $1 {et les Blancs réussissent effectivement
а se dégager.}) 19... Qf8 20. Re2 Rd8 21. Rae1 Kh7 {[%csl Ge5,Gf5] Les Noirs
ont consolidé leur position et jouissent donc d'un léger avantage grâce aux
fantassins e5 et f5 qui réduisent considérablement la mobilité des pièces
ennemies.} 22. Ne3 $2 {[%cal Ye3c4,Rc4d6,Rc4e5] attiré par l'idée de miner
enfin le pion e5 (Cc4), Bruno Carlier a sous-estimé le danger.} ({Il valait
mieux jouer} 22. Bc3) ({ou} 22. Kg1 {pour tenir le Roi а distance des pions
noirs.}) 22... e4 $3 {Voici ce qui avait échappé aux Blancs. Le sacrifice du
pion ne permet pas seulement de démanteler le rempart du roque, mais aussi de
garder les tours blanches enfermées pendant de nombreux coups.} 23. dxe4 Ne5
24. Qh5 g6 25. Qh3 f4 {[%cal Rf4f3,Rf3e2,Rf3g2] La pointe : les Noirs menacent
de prendre le Ce3 ou la Te2 via l'échec en f3.} (25... fxe4 $2 {ne convenait
évidemment pas а cause de} 26. Ng4) 26. gxf4 Rxf4 {[%csl Gd6,Re1,Re2,Ge5,Gf4]
Toutes les pièces noires sont idéalement placées.} 27. Nd5 $2 {La faute
décisive.} ({Il fallait essayer} 27. Nf5 Rg4+ 28. Ng3 Bc5 {et maintenant :} 29.
f4 (29. a3 h5 30. f4 (30. b4 Nf3 31. bxc5 Rh4 $19) 30... Rxd2 31. fxe5 Qf4 $1
32. Kh1 Rxe2 33. Rxe2 Qc1+ 34. Kg2 Kh6 $1 35. b4 Qg1+ 36. Kf3 Kg5 {[%cal Rg4f4]
et gagne}) (29. Bc1 Qf3+ (29... Nf3 30. Qxg4 Nxe1+ 31. Kh3) 30. Kf1 h5 {
[%cal Rg4e4] (menaçant 31... Txe4 !)} 31. Be3 (31. Qg2 h4 32. Qxf3 (32. h3 Rxg3
) 32... Nxf3 33. h3 hxg3 34. hxg4 gxf2 35. Rxf2 Bxf2 36. Kxf2 Nxe1 37. Kxe1 Re8
{avec une qualité de plus}) 31... Rxe4 32. Bxc5 (32. Qe6 Rxe3 33. Rxe3 Bxe3 34.
Rxe3 (34. Qe7+ Kh6) 34... Rd1+ 35. Re1 Ng4 $19 {les Blancs sont perdus}) 32...
Rxe2 33. Rxe2 Rd1+ 34. Re1 bxc5 35. Rxd1 (35. Qe6 Ng4) 35... Qxd1+ 36. Kg2 Qd5+
37. Kf1 Ng4 {[%csl Gd5,Rh3] avec un net avantage}) (29. Be3 Bxe3 30. Rxe3 Qf6
31. Kf1 Rh4 32. Qg2 Ng4 {[%csl Re3,Rf2,Yg4,Rh2] l'attaque devrait décider en
quelques coups}) 29... Rxd2 30. fxe5 ({si} 30. Rxd2 Qxf4 {[%csl Rd2,Rf3]
menaçant 31... Dxd2 ou 31... Df3#}) 30... Rf4 (30... Qf4 $2 31. Qxg4 $1) 31.
Rxd2 Rf2+ 32. Rxf2 Qxf2+ 33. Kh1 Qxe1+ 34. Qf1 Qxf1+ 35. Nxf1 Kg7 (35... Bd4
36. e6) 36. c3 Kf7 37. Nd2 Ke6 38. Nf3 Be3 {[%csl Re4,Re5] et après la capture
du pion e5, via Ff4, les Noirs obtiendront une fin de partie clairement
favorable.}) 27... Rf3 28. Qh4 c6 29. Bg5 {[%csl Rd8,Rf6] La meilleure chance :
} ({Si} 29. Bxh6 Qxh6 30. Qxd8 Qh3+ 31. Kg1 Nf7 {[%csl Rd8,Rh2] gagne la Dame
ou fait mat}) ({ou} 29. Nc3 Be7 {[%csl Rh4] et la Dame est encore perdue.})
29... cxd5 $1 30. Bxd8 Rf4 31. Qh3 Qxd8 32. exd5 {[%cal Ye2e5] Les Blancs
espéraient peut-être obtenir du contre-jeu sur la colonne -e-, mais l'assaut
vers h2 est bien plus rapide.} Rh4 {[%csl Gd6,Rh2,Gh4][%cal Ye5g4]} 33. Qe6 ({
Ou pire : a)} 33. Qc3 Qg5+ 34. Kh1 Rxh2+ $1 35. Kxh2 Nf3+ 36. Kh3 Qh5+ 37. Kg2
Qg4+ 38. Kh1 Qh3#) ({b)} 33. Qe3 Rxh2+ 34. Kg1 Qh4 35. Qe4 Qg5+ $1 36. Kf1 (36.
Kxh2 Nf3+ 37. Kh3 Qh5+ 38. Kg2 Qh2+ 39. Kxf3 Qh3#) 36... Qh5) 33... Qg5+ 34.
Kh1 Qf4 (34... Rxh2+ $2 {n'aurait cette fois donné que l'échec perpétuel :} 35.
Kxh2 Ng4+ ({ou} 35... Nf3+ 36. Kh1 Qh4+ 37. Kg2 Qh2+ 38. Kxf3 Qf4+ 39. Kg2 Qh2+
) 36. Kh1 Qh4+ 37. Kg2 Qh2+ 38. Kf3 Qf4+ (38... Qh3+ $2 39. Ke4 $18) 39. Kg2
Qh2+ {etc.}) 35. f3 (35. h3 Nf7 36. f3 Qxf3+ 37. Kg1 Rxh3 $19) 35... Qxf3+ 36.
Rg2 Rxh2+ $1 {Terminant en beauté} 37. Kxh2 Ng4+ {[%csl Gd6,Gg4]} 38. Kh1 ({ou
} 38. Kg1 Bc5+ 39. Kh1 Qh3+) 38... Qh3+ {et les Blancs abandonnèrent.} (38...
Qh3+ 39. Kg1 Bc5+ 40. Kf1 Qf3+) 0-1

[Event "RUS-chT2"]
[Site "Sochi"]
[Date "2017.05.04"]
[Round "4.1"]
[White "Yuffa, Daniil"]
[Black "Gabrielian, Artur"]
[Result "1-0"]
[WhiteElo "2510"]
[BlackElo "2525"]
[Annotator "Yuffa,D"]
[PlyCount "115"]
[EventDate "2017.05.01"]
[EventType "team-swiss"]
[EventRounds "9"]
[EventCountry "RUS"]
[SourceTitle "CBM 179"]
[Source "ChessBase"]
[SourceDate "2017.07.12"]
[SourceVersion "1"]
[SourceVersionDate "2017.07.12"]
[SourceQuality "1"]
[WhiteTeam "Togliatti Bukavshin"]
[BlackTeam "Chechen Republic"]
[WhiteTeamCountry "RUS"]
[BlackTeamCountry "RUS"]

{I knew that my opponent is a well-known theoretican and I didn't want to
check whether he knows any line in the Grünfeld or Benoni. In other words, I
wanted to fight from the very beginning of the game.} 1. Nf3 c5 2. g3 {
Inviting d5} Nc6 3. Bg2 g6 4. O-O Bg7 5. d3 {Vladimir Kramnik's move. Fabiano
Caruana has played c3, d4 and e4 there but I was hoping that my opponent
wanted to play ...d5 somewhere and transpose to a reversed King's Indian.} d6
6. e4 Nf6 7. Re1 O-O 8. c3 Bg4 (8... Rb8 {is an option there. In a typical
Closed Sicilian position, White has an extra tempo which is not sufficient
there. It looks equal after} 9. h3 e5 (9... b5 $5 10. d4 Nd7 11. Be3 b4 12.
Nbd2 Ba6 {looks pleasant for Black}) 10. d4 exd4 11. cxd4 cxd4 12. Nxd4 Nxd4 $5
(12... Qb6 13. Nb3 $14 Be6 14. Nc3 a6 $6 15. Be3 Bxb3 16. Qxd6 $16 {E.
Inarkiev-Hou Yifan, 2016, 1-0}) 13. Qxd4 Be6 14. Qxa7 Ra8 $1 15. Qxb7 Qa5 16.
Bd2 Qh5 17. g4 Qh4 $44 {White has to be patient in order not to lose
immediately.}) 9. Nbd2 Qc8 (9... Rb8 10. h3 Bxf3 (10... Bd7 $5 {less logical,
but the PC prefers this continuation.} {After} 11. a4 (11. d4 $6 {is hurried:}
b5 $2 (11... cxd4 {most principled and strong} 12. cxd4 Qc8 13. e5 dxe5 14.
dxe5 Nd5 15. Nb3 Nb6 16. h4 Rd8 $15 {with strong pressure in the centre}) 12.
e5 Ne8 13. exd6 exd6 14. dxc5 dxc5 15. Ne4 c4 16. Bf4 Rc8 17. Nc5 $16 {T.
Radjabov-R. Ponomariov, 2014, 1-0.}) 11... Qc8 12. Kh2 {The computer says
that's dead equality and makes me very curious about this}) 11. Nxf3 Nd7 12. a3
$5 (12. d4 {seems to me less ambitious. Black stays comfortable after} cxd4 13.
cxd4 Qb6 14. d5 Nd4 $11) 12... b5 13. d4 a5 14. h4 b4 15. Be3 $14 {The pair of
bishops gives White a slight edge.}) 10. a4 Ne5 $146 11. Qc2 Nxf3+ 12. Nxf3 Nd7
({During the game I marked this move as inaccurate.} 12... e5 $5 13. Nd2 Be6
14. Nc4 Nxe4 $1 15. Bxe4 (15. Rxe4 d5 16. Rxe5 dxc4 17. Re1 Bf5 18. Be4 Bxe4
19. dxe4 (19. Rxe4 cxd3 20. Qxd3 Rd8 21. Qe2 Qc6) 19... Rd8 $11 {followed by ..
.Rd3}) 15... d5 16. Bxg6 hxg6 17. Nxe5 Re8 $44) 13. Nd2 Nf6 ({The machine
advises playing} 13... Nb8 14. f4 Bh3 {telling us that it is an equal position.
It's difficult to complain, but from my point of view White has slightly more
chances because of his advantage in space and attacking ideas on the kingside.}
) 14. e5 dxe5 15. Rxe5 {A typical King's Indian structure - what I wanted to
have in this game. My idea was to push the a-pawn and exert pressure on c5
along with the h1-a8 diagonal.} Re8 16. a5 Nd7 ({In this position I relied on
my intuition and didn't calculate at all. If} 16... Bf5 17. Nc4 Ng4 18. Re1 Rd8
19. Qa4 $1 Bxd3 20. Bf4 Bf6 21. h3 g5 22. Bc1 Bxc4 23. Qxc4 Ne5 24. Rxe5 Bxe5
25. Bxg5 $36 {gives White a dangerous initiative.}) 17. Re1 Ne5 18. f4 Nc6 19.
Ne4 b6 {Now it's time to make it forced.} 20. axb6 axb6 21. Rxa8 Qxa8 22. Qb3
Qb8 23. Ng5 Nd8 24. Qb5 Ne6 25. h3 Nc7 26. Qb3 Be6 27. Nxe6 Nxe6 28. Bd5 {
The bishop pair and the a-file should give White good winning chances, but
it's not easy to convert the advantage into a full point.} ({A few moves
before this I thought I'd have a choice between the move in the game and} 28.
Bc6 {, but Black has good drawing chances after} Rd8 29. Bd5 Qc8 30. Bxe6 fxe6
31. Qxe6+ Qxe6 32. Rxe6 Rxd3 33. Kf2 b5 34. Be3 (34. Rxe7 b4 35. cxb4 cxb4 36.
Rb7 Bxb2 $11) 34... b4 35. Ke2 c4 36. cxb4 Rb3 $11) 28... Nd8 29. Qb5 ({
The first inaccuracy. A better move is} 29. Be3 Qd6 30. Bf2 e6 31. Be4 $1 f5
32. Bg2 $16 {A nice example of the pendulum!}) 29... Kf8 30. Be3 ({Now it's
all wasted.} 30. Bb3 e6 31. Be3 Qa7 32. Bd5 $1 $14 {and Black still has some
problems} Re7 33. Bg2 e5 34. f5 {and Black has to be precise.}) 30... Qd6 31.
Bg2 Ne6 32. Ra1 (32. Qc6 {is safer, because...}) 32... Rd8 (32... g5 $1 {
was an opportunity! This move looks incredible, but it works:} 33. f5 Nc7 34.
Qc6 Qxg3 35. Bf2 Qf4 36. Qxb6 Be5 37. Bxc5 Qh2+ 38. Kf1 Qf4+ 39. Ke2 Qxf5 40.
Rf1 Qe6 41. Qxe6 Nxe6 42. Rf5 (42. Be3 $6 Rb8 $1) 42... Nf4+ 43. Kf3 Nxd3 44.
Bf1 Nxc5 45. Rxe5 Ne6 46. Bc4 Rb8 $13 {White has no risk, but it's a big
question whether he has anything more than a half point.}) 33. Bf2 (33. Kf2 {
was better if I could estimate the power of g5.}) 33... Bf6 {Gives White a
hope.} (33... g5 34. fxg5 Be5 35. Kh2 Qxd3 36. Qxd3 Rxd3 37. Re1 Rd2 38. Kg1
Bc7 39. Rb1 c4 40. Be1 Rd8 41. h4 Nc5 $11 {The idea of ...g5 was completely
out of my line of sight.}) 34. Be4 h5 35. h4 Bxh4 $6 {That's what I wanted.} (
35... Kg7 36. Ra4 Nc7 37. Qb3 Nd5 38. Ra6 Qe6 $11 {Black's position looks like
a fortess. White should be patient not to allow some sacrifices on the
kingside.}) 36. gxh4 Nxf4 37. Be3 $6 (37. Qc6 Nh3+ 38. Kg2 Qxc6 39. Bxc6 Nxf2
40. Kxf2 Rxd3 41. Ke2 Rd6 (41... Rh3 42. Rh1 Rxh1 43. Bxh1 Ke8 44. Bc6+ Kd8 45.
Kd3 f6 46. Bd5 g5 47. hxg5 fxg5 48. Ke4 Kd7 49. Kf5 Kd6 50. Be4 g4 51. Kf4 $1
Ke6 52. Bg6 h4 53. Kxg4 Kd5 54. Bd3 c4 55. Be2 b5 56. Bf3+ $18 {An incredibly
difficult variation to find, but it leads to a point}) 42. Be4 {with better
chances.}) 37... Nxd3 $2 {Missing the draw in time trouble. We both had less
than a minute and could not calculate at all.} (37... Ne2+ 38. Kf1 Qh2 39. Bf2
Nf4 (39... Ng3+ $1 {is also good because} 40. Bxg3 Qxg3 41. Ra8 Rxa8 42. Bxa8
Qf4+ 43. Ke2 Qh2+ {and White can't play Kd1 or Ke3 because of ...Qxh4.} 44. Kf1
Qf4+ $11) 40. Qxb6 Qh3+ 41. Ke1 Nxd3+ 42. Bxd3 Rxd3 43. Qb8+ Kg7 44. Qe5+ Kh7
45. Qxe7 {but surprisingly this is a dead draw} Qh1+ 46. Ke2 Qf3+ 47. Ke1 c4
48. Bd4 Qh1+ 49. Ke2 $11) 38. Bh6+ (38. Qxd3 $4 Qg3+ $19) 38... Kg8 39. Qxd3
Qxd3 40. Bxd3 Rxd3 41. Ra7 {Not an obvious mistake...} ({As it turns out later,
it was important to save the h-pawn:} 41. Ra8+ Kh7 42. Bf8 Rd1+ 43. Kf2 Rd2+
44. Ke3 Rxb2 45. Bxe7 Kg7 46. Rb8 Rb5 47. Ke4 $18) 41... Rh3 42. Rxe7 Rxh4 43.
Rb7 Rg4+ 44. Kh2 g5 45. Rxb6 Rh4+ 46. Kg3 Rg4+ 47. Kf3 Rf4+ 48. Ke3 Rg4 ({
I thought I was winning after} 48... f6 49. Bxg5 fxg5 50. Rg6+ Kf7 51. Rxg5 Rf1
52. Rxh5 $1 (52. Rxc5 $2 Kg6 53. b4 h4 54. Rc8 Kg5 55. Rg8+ Kh5 56. c4 Rb1 57.
b5 h3 58. Kd4 Kh4 59. Kc5 h2 60. b6 h1=Q 61. Rh8+ Kg5 62. Rxh1 Rxh1 63. b7 Rb1
$11) 52... Rb1 53. Rxc5 Rxb2 54. Re5 Rb8 55. Kd4 Rd8+ 56. Kc5 {In this
position I stopped my calculation, I remembered that 2 files should be enough
to push the pawn with the support of the rook. The black king is out of the
action.} Rc8+ 57. Kb4 Rb8+ 58. Ka5 Rc8 59. Re3 Kf6 60. Kb5 Rb8+ 61. Kc6 Rb3 (
61... Rc8+ 62. Kd6) 62. Kd5 Kf5 63. Kd4 Rb8 64. c4 Rd8+ 65. Kc3 Rc8 66. Re2 Kf6
67. Kb4 Rb8+ 68. Ka4 Rc8 69. Kb5 Rb8+ 70. Ka6 Rc8 71. Rc2 Ke6 72. Kb6 $18 {etc.
}) 49. Rf6 $2 {Natural, but gives Black a chance to escape.} ({The engine
advises} 49. Rb8+ Kh7 50. Bf8 c4 51. Rb6 h4 52. Rf6 Kg8 (52... Rg2 53. Ke4 Rxb2
54. Kf5 h3 55. Rh6+ Kg8 56. Be7 Kg7 57. Rxh3 Rb5+ 58. Ke4 Kg6 59. Rh8 $18 {
Taking the c-pawn and speculating with a bishop sacrifice in order to connect
the pawns.}) 53. Bd6 Rg2 54. Be5 {Still, I have some doubts about the exact
evaluation, but it clearly has to be difficult for Black.}) 49... h4 50. Kf3
Rg3+ 51. Kf2 Kh7 {A game-deciding mistake.} ({We could share a point after} 
51... Rg4 52. Rf5 f6 53. Rxf6 h3 54. Rg6+ Kh7 55. Rxg5 Rh4 {that is what we
both had missed} 56. Kg1 Kxh6 57. Rxc5 Rg4+ 58. Kh1 Rg2 59. b4 Rb2 60. Re5 Rc2
61. Re3 h2 62. b5 Kg5 $11 {Heading for the pawns.}) 52. Bf8 Rd3 53. Bxc5 Rd2+
54. Kf3 Rxb2 55. Bd4 Rc2 56. Kg4 Rg2+ 57. Kh5 Kg8 58. Rd6 {The Bf6 guillotine
is coming next. Black resigns.} 1-0